Cities by their picture #3 - Statistics

General Stats
  • This quiz has been taken 32 times
  • The average score is 8 of 16
Answer Stats
Picture Answer % Correct
Las Vegas
93%
Washington DC
93%
Jerusalem
82%
Pyongyang
71%
Lisbon
68%
Reykjavik
61%
Bangkok
54%
Brussels
54%
Oslo
39%
Vatican City
39%
Florence
32%
Medina
25%
Phnom Penh
21%
Osaka
14%
Abu Dhabi
7%
San Diego
7%
No matching quizzes found
Score Distribution
Percent of People with Each Score
Percentile by Number Answered
Your Score History
You have not taken this quiz